00783nam a2200205Ia 4500001001000000003000500010008004100015010001100056040000900067100002800076245017400104260003400278300001000312502010600322650004000428650001500468650001400483650003000497710005000527Para_8556CHAP220125s2002 xx 000 0 und d a207367 cCHAP aLeón García, Imelda aSistemas de labranza y control químico de la maleza en el cultivo de calabacita (Cucurbita pepo L.) var. Zuchinni, en Chapingo, México /c por Imelda León García aChapingo, Méx. :b el autor a48 h. aTesis (Ing. Agr. Esp. en Parasitología Agrícola) -- UACh. Departamento Parasitología Agrícola aCalabaza x malas hierbasxcontrol  aHerbicidas aLabranza  aMalas hierbas x control  aUACh. Departamento Parasitología Agrícola